00723nam a22001937a 4500999001900000005001700019010001500036020002600051035001400077037000900091082001500100100001400115245005900129260003900188270009600227300003900323942002900362952013800391 c186799d18679920220316161956.0 aENG-132005 a9789386695222c995.00 aEN-115537 bDBAD a346.540166 aRaj, Kavi aMarital Disharmony and Divorce Law in India/cKavi Raj aNew DelhibAryan Publicationc2020 bNew Delhia110, Gali No. 4, Harphool Vihar, Barpraulae110043maryanpublication12@gmail.com avi, 310p.bBibliographyc23cm(pbk) 2ddccENh346.540166mRAJ 001040708NFICaLbLd2022-03-16eDBAD/PUBg995.00l6m2o346.540166 RAJpEN-115537r2026-04-01 00:00:00s2026-03-11t1v995.00yEN